Loreto College Library, Kolkata
WEBOPAC (ONLINE PUBLIC ACCESS CATALOGUE)

Enjoy your english (Record no. 29939)

MARC details
000 -LEADER
fixed length control field 00593nam a2200217Ia 4500
005 - DATE AND TIME OF LATEST TRANSACTION
control field 20240403105006.0
008 - FIXED-LENGTH DATA ELEMENTS--GENERAL INFORMATION
fixed length control field 131103s9999 xx 000 0 und d
020 ## - ISBN | অাই এস বি এন
ISBN | অাই এস বি এন 8171703348
PRICE Rs.54.90
040 ## - CATALOGING SOURCE
Original cataloging agency Loreto College
041 ## - LANGUAGE CODE
Language code English
082 ## - DDC | ডিউই
Classification number | বর্গসংখ্যা 428
Book Number | গ্রন্থাঙ্ক PHA
100 ## - MAIN ENTRY--PERSONAL NAME | মুখ্য সংলেখ - ব্যাক্তিনাম
Personal name | ব্যাক্তিনাম Phabhu, K.M.
245 ## - TITLE STATEMENT | অাখ্যা বিবরণী
Title | অাখ্যা Enjoy your english
Sub title | উপঅাখ্যা book 8
Statement of responsibility | লেখকের দায়িত্বের বিবরণ K.M. Phabhu and Francis P. Jayachandran
260 ## - IMPRINT | প্রকাশনা ক্ষেত্র
Place of publication | প্রকাশ স্থান Bangalore
Name of publisher | প্রকাশকের নাম Frank bros
Date of publication | প্রকাশ কাল 1997
300 ## - PHYSICAL DESCRIPTION |
Page / Vol. No | পৃষ্ঠা / খন্ড সংখ্যা 152p.
Other physical details | অনান্য বাহ্যিক বিবরণ ill.pic.
650 ## - SUBJECT ADDED ENTRY--TOPICAL TERM | বিষয় শিরোনাম - মূল বিষয়
Topical term | মূল বিষয় English reader
651 ## - SUBJECT ADDED ENTRY--GEOGRAPHIC NAME | বিষয় শিরোনাম - ভৌগলিক নাম
Geographic name | ভৌগলিক বিষয় English language
700 ## - ADDED ENTRY--PERSONAL NAME | অতিরিক্ত সংলেখ - ব্
Personal name | ব্যাক্তিনাম Jayachandran, Francis P.
850 ## - HOLDING INSTITUTION
Holding institution LCBED
942 ## - ADDED ENTRY ELEMENTS (KOHA)
Koha item type Books
Holdings
Withdrawn status Lost status Source of classification Damaged status Not for loan Home library Current library Date acquired Total Checkouts Full call number Accession No. Date last seen Price effective from Koha item type Coded location qualifier
    Dewey Decimal Classification     Loreto College Loreto College 04/11/2013   428 PHA 13002 B32788 04/11/2013 04/11/2013 Books